LEADER 00462nab a2200145 i 4500 001 000000269415 003 CaOOAMICUS 005 20180831164825.0 008 180831n xx uu u0 0und r 013 $a15319 040 $aSeMil$bita 245 10$a[vedi periodico]. 500 $aGiugno 2008, inserto redazionale. 773 0 $aSaladino, Vincenzo$tArte greca.$dFirenze : Giunti, 2008.$z978-88-09-05743-2$w()173735 996 $6245$a[vedi periodico]$9(OLS)http://semarc/title/309439 LEADER 00643naa a2200157 i 4500 001 000000307945 003 CaOOAMICUS 005 20180831172926.0 008 180831n it u000 u ita u 013 $a16883 040 $aSeMil$bita 100 1 $aSquarcini, Federico.$0(OLS)http://semarc/name/87960 245 10$aLasciare la "Religione dei Padri". 650 4$aNuovi movimenti religiosi.$0(OLS)http://semarc/subject/13862 773 0 $aDanon, Marcella$tSette e nuovi movimenti religiosi.$dMilano : Paoline, 2007.$kEcumenismo e dialogo$z978-88-315-3327-0$gp.93-119$w()189946 996 $6245$aLasciare la "Religione dei Padri"$9(OLS)http://semarc/title/383250